| 000 | 00582nam a22001697a 4500 | ||
|---|---|---|---|
| 999 |
_c61138 _d61138 |
||
| 005 | 20231222112348.0 | ||
| 008 | 231222s1988 ru ||||| |||| 00| 0 rus d | ||
| 020 | _a5090015244 | ||
| 041 | _arus | ||
| 080 | _a821.14'01 A-86 | ||
| 100 |
_aАртамонов, С.Д. _915437 |
||
| 245 |
_aЛитература древнего мира : _cС.Д. Артамонов. |
||
| 264 |
_aМ.: _bПросвещение, _c1988. |
||
| 300 |
_a256 с. : _bилл.; _c23 см. |
||
| 653 | _aძველი სამყაროს ლიტერატურა | ||
| 942 |
_2udc _cᲬᲘᲒᲜᲘ |
||